| 000 | 00398nam a2200109Ia 4500 | ||
|---|---|---|---|
| 008 | 160909s9999 xx 000 0 und d | ||
| 100 | _aDuplantis, Andie, | ||
| 245 | _aShared Perspectives of Divided Space: Perceptions of the Urban Environment among Jerusalemites | ||
| 260 |
_bUniversity of Arkansas. _c2016 |
||
| 650 | _aTOURISM | ||
| 856 | _uhttp://pqdtopen.proquest.com/doc/1794656412.html?FMT=ABS | ||
| 999 |
_c304912 _d304912 |
||